000 00469nam a2200181Ia 4500
003 GCL
008 140319s9999 xx 000 0 eng d
040 _aGCL /
_cGCL
082 0 4 _a843
_bP T
100 1 _aPROUST, MARCEL
245 1 0 _aLE TEMPS RETROUVE /
_cPROUST, MARCEL
260 _a[S.N] :
_bLIBRAIRE GENERALE FRANCAISE ،
_c1993
300 _a561 P
490 _aLE LIVRE DE POCHE
_v0
650 0 4 _aLITERATURE
650 0 4 _aFRENCH LITERATURE
942 _2ddc
_cBK
999 _c22644
_d22644